|
|
|
|
| LEADER |
00000nam0a2200000 4500 |
| 001 |
295167 |
| 005 |
20231102000800.0 |
| 035 |
|
|
|a (RuTPU)RU\TPU\book\320243
|
| 090 |
|
|
|a 295167
|
| 100 |
|
|
|a 20150520d1983 k y0rusy5003 ca
|
| 101 |
0 |
|
|a rus
|
| 102 |
|
|
|a UA
|
| 105 |
|
|
|a a z 001zy
|
| 200 |
1 |
|
|a МГД-генераторы и термоэлектрическая энергетика
|e сборник научных трудов
|f Академия наук Украинской ССР (АН УССР), Институт технической теплофизики (ИТТФ)
|
| 210 |
|
|
|a Киев
|c Наукова думка
|d 1983
|
| 215 |
|
|
|a 203 с.
|c ил.
|d 20 см
|
| 320 |
|
|
|a Библиография в конце статей
|
| 606 |
1 |
|
|a Генераторы магнитогидродинамические
|2 stltpush
|3 (RuTPU)RU\TPU\subj\5781
|9 33778
|
| 606 |
1 |
|
|a Термоэлектричество
|2 stltpush
|3 (RuTPU)RU\TPU\subj\59989
|9 77480
|
| 610 |
1 |
|
|a тепловая энергия
|
| 610 |
1 |
|
|a преобразование в электрическую
|
| 610 |
1 |
|
|a МГД-генераторы
|
| 610 |
1 |
|
|a термоэлементы
|
| 610 |
1 |
|
|a термопреобразователи
|
| 675 |
|
|
|a 621.313.5
|z rus
|v 4
|
| 675 |
|
|
|a 621.362
|z rus
|v 4
|
| 712 |
0 |
2 |
|a Академия наук Украинской ССР (АН УССР)
|b Институт технической теплофизики (ИТТФ)
|c (Киев)
|2 stltpush
|3 (RuTPU)RU\TPU\col\1122
|
| 801 |
|
0 |
|a RU
|b RuMRKP
|c 19950704
|g psbo
|
| 801 |
|
1 |
|a RU
|b 63413507
|c 20150520
|
| 801 |
|
2 |
|a RU
|b 63413507
|c 20180426
|g RCR
|
| 942 |
|
|
|c BK
|